000 01808nam a22003974a 4500
001 ebr10427101
003 CaPaEBR
006 m u
007 cr cn|||||||||
008 100719s2010 enk sb 001 0 eng c
010 _z 2010281253
015 _aGBB009212
_2bnb
016 7 _z015473532
_2Uk
020 _z9780567034366 (hbk.)
020 _z0567034364 (hbk.)
020 _z0567034372 (pbk.)
020 _z9780567034373 (pbk.)
040 _aCaPaEBR
_cCaPaEBR
035 _a(OCoLC)676700360
050 1 4 _aBX1378.6
_b.R678 2010eb
082 0 4 _a230/.2092
_222
100 1 _aRowland, Tracey,
_d1963-
245 1 0 _aBenedict XVI
_h[electronic resource] :
_ba guide for the perplexed /
_cTracey Rowland.
260 _aLondon ;
_aNew York :
_bT & T Clark,
_c2010.
300 _ax, 202 p.
490 1 _aGuides for the perplexed
504 _aIncludes bibliographical references (p. 182-193) and index.
520 _a"This guide introduces students of theology to the theoretical axes upon which the theology of Benedict XVI revolves. It begins with a presentation of the key ideas in the works of his intellectual antecedents and contemporary interlocutors and then moves to an account of Benedict's responses to a number of theological crises."--P. [4], cover.
533 _aElectronic reproduction.
_bPalo Alto, Calif. :
_cebrary,
_d2013.
_nAvailable via World Wide Web.
_nAccess may be limited to ebrary affiliated libraries.
600 0 0 _aBenedict
_bXVI,
_cPope,
_d1927-
610 2 0 _aCatholic Church
_xDoctrines
_xHistory
_y21st century.
655 7 _aElectronic books.
_2local
710 2 _aebrary, Inc.
830 0 _aGuides for the perplexed.
856 4 0 _uhttp://site.ebrary.com/lib/rucke/Doc?id=10427101
_zAn electronic book accessible through the World Wide Web; click to view
999 _c144098
_d144098